000 00464nam a22001697a 4500
003 OSt
005 20241127163332.0
008 241127b |||||||| |||| 00| 0 eng d
020 _a9789283245148
040 _aSRHU
_bEnglish
_cAhuja Book Co
082 _25th
245 _aWHO Classification of Tumors Part A
_cWHO Classification of Tumors Editorial Board
250 _a5th
260 _aWHO
_bWHO
_c2024
300 _a421p
_c28cm
942 _2ddc
_cPATH
_e5th
999 _c19265
_d19265